Представление документа в формате RUSMARC

ПолеНазваниеЗначение
  Тип записи a
  Библиографический уровень m
001 Контрольный номер RU/УОНБ/EK_INO/391614870
005 Дата корректировки 20241101134449.0
010 Индекс ISBN __
b Уточнения в пер.
100 Данные общей обработки __
a Данные общей обработки 20120529d1904 u y0gery018901 ba
101 Язык документа 0_
a Язык текста ger
102 Страна публикации __
a Страна публикации DE
105 Кодированные данные (монография) __
a Кодированные данные (монография) a z 000yy
200 Заглавие и сведения об ответственности 1_
a Заглавие Der moderne Impressionismus
f Первые сведения об ответственности J. Meier-Graffe
210 Выходные данные 1_
a Место издания Berlin
c Издательство Julius Bard
d Дата издания [1904]
215 Физическое описание __
a Объем [6], 66, [16] S.
c Иллюстрации/тип воспроизводства ill., front., 1 kolorierten, 7 vollbild.
d Формат 17 см
225 Серия 1_
a Серия Die Kunst
f Сведения об ответственности R. Muther
300 Общие примечания __
a Общие примечания Штемпель: "Gustav Szywkiewicz" (тит. л.)
300 Общие примечания __
a Общие примечания Штемпель: "Симбирская Городская библиотека имени И.А. Гончарова" (обр. ст. тит. л., с. 65)
600 Персоналии _1
a Персоналии (Фамилия) Гоген, Поль
600 Персоналии _1
a Персоналии (Фамилия) Тулуз-Лотрек,Анри де
606 Тематические рубрики 0_
a Основная рубрика Импрессионизм
610 Ключевые слова 0_
a Ключевые слова импрессионизм
610 Ключевые слова 0_
a Ключевые слова Гоген
610 Ключевые слова 0_
a Ключевые слова Тулуз-Лотрек
610 Ключевые слова 0_
a Ключевые слова импрессионизм - Япония
686 Индексы других классификаций __
a Классификационный индекс 85.14 Нем
2 Код системы rubbk
700 Автор _1
a Фамилия Meier-Graffe
b Имя (инициалы) J.
g Полное личное имя Julius
801 Источник записи _0
a Страна RU
b Организация Ульяновская ОНБ
c Дата составления 20120529
g Правила каталогизации RCR
801 Источник записи _1
a Страна RU
b Организация Ульяновская ОНБ
c Дата составления 20120529
g Правила каталогизации RCR
901 Тип документа __
t Тип документа m
909 Создатель записи __
a Создатель записи Дырина
938 Служебная информация __
a Имя БД ino
b Имя библиотеки УОНБ
c Имя АИБС МАРК-SQL
d Номер DOC_ID в БД 8948